000 00714nam a2200217Ii 4500
003 JO-AjNU
008 230605s9999||||xx |||||||||||||| ||und||
017 _a2006/4/999
040 _aJO-AjNU
_bara
_erda
_cJO-AjNU
041 _aara
050 1 4 _aK3165.N37.2006
100 3 _a النقشبندي ، احمد العزي ,
_eauthor
_946379
245 0 0 _aتعديل الدستور " دراسة مقارنة "
250 _aط1
264 3 1 _aعمان : مؤسسة الوراق ، 2006
300 _a345ص
336 _atext
_btxt
_2rdacontent
337 _aunmediated
_bn
_2rdamedia
338 _avolume
_bnc
_2rdacarrier
650 4 _aالقانون الدستوري -- الدساتير -- الاردن
_946380
999 _aA20171
_c23739
_d23739